Królowie strzelców polskiej ekstraklasy w całej jej historii - Statystyki

Ogólne statystyki
  • Ten quiz został rozwiązany 40 razy
    16 od ostatniego zresetowania
  • Średni wynik to 29 z 103
Statystyki odpowiedzi
Hint Odpowiedź % Poprawnych
2022 Raków Częstochowa Ivi Lopez
83%
2002 Wisła Kraków Maciej Żurawski
83%
2004 Wisła Kraków Maciej Żurawski
83%
2010 Lech Poznań Robert Lewandowski
83%
1999 Wisła Kraków Tomasz Frankowski
83%
2001 Wisła Kraków Tomasz Frankowski
83%
2005 Wisła Kraków Tomasz Frankowski
83%
2011 Jagiellonia Białystok Tomasz Frankowski
83%
2014 Pogoń Szczecin Marcin Robak
67%
2017 Lech Poznań Marcin Robak
67%
2024 Śląsk Wrocław Erik Exposito
50%
1954 CWKS Warszawa Ernest Pohl
50%
1934 Ruch Hajduki Wielkie Ernest Wilimowski
50%
1936 Ruch Hajduki Wielkie Ernest Wilimowski
50%
1939 Ruch Hajduki Wielkie Ernest Wilimowski
50%
1952 Unia Chorzów Gerard Cieślik
50%
1953 Unia Chorzów Gerard Cieślik
50%
1973 Stal Mielec Grzegorz Lato
50%
1975 Stal Mielec Grzegorz Lato
50%
2006 Kolporter Korona Kielce Grzegorz Piechna
50%
2019 Górnik Zabrze Igor Angulo
50%
1957 Legia Warszawa Lucjan Brychczy
50%
1964 Legia Warszawa Lucjan Brychczy
50%
1965 Legia Warszawa Lucjan Brychczy
50%
1949 Kolejarz Poznań Teodor Anioła
50%
1950 Kolejarz Poznań Teodor Anioła
50%
1951 Kolejarz Poznań Teodor Anioła
50%
1966 Górnik Zabrze Włodzimierz Lubański
50%
1967 Górnik Zabrze Włodzimierz Lubański
50%
1968 Górnik Zabrze Włodzimierz Lubański
50%
1969 Górnik Zabrze Włodzimierz Lubański
50%
2012 Lech Poznań Artjoms Rudnevs
33%
1988 Legia Warszawa Dariusz Dziekanowski
33%
1932 Warta Poznań Fryderyk Scherfke
33%
1927 Wisła Kraków Henryk Reyman
33%
1992 Lech Poznań Jerzy Podbrożny
33%
1993 Lech Poznań Jerzy Podbrożny
33%
1976 Wisła Kraków Kazimierz Kmiecik
33%
1978 Wisła Kraków Kazimierz Kmiecik
33%
1979 Wisła Kraków Kazimierz Kmiecik
33%
1980 Wisła Kraków Kazimierz Kmiecik
33%
2023 Jagiellonia Białystok Marc Gual
33%
2017 Lechia Gdańsk Marco Paixao
33%
1983 Lech Poznań Mirosław Okoński
33%
1992 Hutnik Kraków Mirosław Waligóra
33%
2007 Lech Poznań Piotr Reiss
33%
2021 Legia Warszawa Tomas Pekhart
33%
2000 Górnik Zabrze Adam Kompała
17%
1970 Zagłębie Sosnowiec Andrzej Jarosik
17%
1971 Zagłębie Sosnowiec Andrzej Jarosik
17%
1990 Lech Poznań Andrzej Juskowiak
17%
1986 Górnik Zabrze Andrzej Zgutczyński
17%
2020 Lech Poznań Christian Gytkjaer
17%
2025 Pogoń Szczecin Efthymis Koulouris
17%
1982 Szombierki Bytom Grzegorz Kapica
17%
1959 Polonia Bytom Jan Liberda
17%
1962 Polonia Bytom Jan Liberda
17%
2015 Piast Gliwice Kamil Wilczek
17%
1989 Ruch Chorzów Krzysztof Warzycha
17%
1985 Motor Lublin Leszek Iwanicki
17%
1928 Cracovia Ludwik Gintel
17%
1996 Widzew Łódź Marek Koniarek
17%
1998 Ruch Chorzów Mariusz Śrutwa
17%
1997 ŁKS Łódź Mirosław Trzeciak
17%
2016 Legia Warszawa Nemanja Nikolic
17%
2008 Wisła Kraków Paweł Brożek
17%
2009 Wisła Kraków Paweł Brożek
17%
2013 Podbeskidzie Bielsko-Biała Robert Demjan
17%
2003 Legia Warszawa Stanko Svitlica
17%
1998 Legia Warszawa Sylwester Czereszewski
17%
1936 Ruch Hajduki Wielkie Teodor Peterek
17%
1938 Ruch Hajduki Wielkie Teodor Peterek
17%
1984 Górnik Wałbrzych Włodzimierz Ciołek
17%
1977 Zagłębie Sosnowiec Włodzimierz Mazur
17%
1974 Wisła Kraków Zdzisław Kapka
17%
1998 Polonia Warszawa Arkadiusz Bąk
0%
1933 Wisła Kraków Artur Woźniak
0%
1937 Wisła Kraków Artur Woźniak
0%
1995 Stal Mielec Bogusław Cygan
0%
2018 Wisła Kraków Carlos Lopez
0%
1959 Górnik Zabrze Ernest Pol
0%
1961 Górnik Zabrze Ernest Pol
0%
1954 Ogniwo Bytom Henryk Kempny
0%
1956 CWKS Warszawa Henryk Kempny
0%
1964 Szombierki Bytom Jerzy Wilim
0%
1964 Zagłębie Sosnowiec Józef Gałeczka
0%
1948 Wisła Kraków Józef Kohut
0%
1932 Warta Poznań Kajetan Kryszkiewicz
0%
1930 Cracovia Karol Kossok
0%
1981 Legia Warszawa Krzysztof Adamczyk
0%
1987 Pogoń Szczecin Marek Leśniak
0%
1963 Pogoń Szczecin Marian Kielec
0%
1960 Polonia Bydgoszcz Marian Norkowski
0%
1935 Pogoń Lwów Michał Matyas
0%
1983 Widzew Łódź Mirosław Tłokiński
0%
1929 Czarni Lwów Rochus Nastula
0%
1972 Gwardia Warszawa Ryszard Szymczak
0%
1955 Gwardia Warszawa Stanisław Hachorek
0%
2009 Legia Warszawa Takesure Chinyama
0%
1991 Wisła Kraków Tomasz Dziubiński
0%
1931 Wisła Kraków Walerian Kisieliński
0%
1958 ŁKS Łódź Władysław Soporek
0%
1994 Miliarder Pniewy Zenon Burzawa
0%
Nie znaleziono quizów pasujących do podanych kryteriów
Rozkład punktacji
Procent ludzi z każdym wynikiem
Percentyl według liczby udzielonych odpowiedzi
Twoja historia wyników
Nie rozwiązałeś tego quizu od ostatniego zresetowania